00371nam a2200133Ia 4500003000900000008004100009040003300050041000800083080001700091245003300108260005900141300002300200650001400223LK-CoDNM010623t1955 xxu||||| |||| 00| 1 eng d aLK-CoDNMdLK-CoDNMeLK-CoDNM aeng a7.067.4bART aArts and Crafts in Indonesia bMinistry of Information Republic of Indonesiaa?c1955 bPl,ill.96p., 18 cm aPortraits